Racionálnejšie v organizácii a riadení poľnohospodárskych podnikov.

Výraznejší pohyb v počte poľnohospodárskych podnikov a v rámci veľkostných skupín družstiev v r. 1990. Nedostatky doterajšieho odvetvového princípu organizácie výroby. Nevyužitie kladov kombinovanej organizačnej štruktúry v daných podmienkach. Náročnejšie prostredie vytvorené prechodom na trhové hos...

Descripción completa

Guardado en:
Detalles Bibliográficos
Autor principal: Baumgartnerová, Eva
Otros Autores: Gubová, M.
Formato: Capítulo de libro
Lenguaje:eslovaco
Materias:
Etiquetas: Agregar Etiqueta
Sin Etiquetas, Sea el primero en etiquetar este registro!

MARC

LEADER 00000naa a2200000 4500
001 r004249
005 20221125075907.6
041 0 |a slo 
044 |a [CS] 
245 1 0 |a Racionálnejšie v organizácii a riadení poľnohospodárskych podnikov.  |c E. Baumgartnerová, M. Gubová 
520 |a Výraznejší pohyb v počte poľnohospodárskych podnikov a v rámci veľkostných skupín družstiev v r. 1990. Nedostatky doterajšieho odvetvového princípu organizácie výroby. Nevyužitie kladov kombinovanej organizačnej štruktúry v daných podmienkach. Náročnejšie prostredie vytvorené prechodom na trhové hospodárstvo. 
610 2 0 |a podnik poľnohospodársky 
610 2 0 |a riadenie podnikové 
610 2 0 |a organizácia podniku 
610 2 0 |a JRD 
610 2 0 |a 1990 
610 2 0 |a hospodárstvo trhové 
610 2 0 |a ČSFR 
610 2 0 |a štruktúra organizačná 
100 1 |a Baumgartnerová, Eva 
700 1 |a Gubová, M.